[Event "Asia-ch U20 Girls"]
[Site "Waskaduwa"]
[Date "2025.07.03"]
[Round "9"]
[White "Latifah, Laysa"]
[Black "Saparya, Ghosh"]
[Result "1-0"]
[WhiteElo "2193"]
[BlackElo "1913"]
[PlyCount "113"]
[EventDate "2025.06.27"]
[EventType "swiss"]
[EventRounds "9"]
[EventCountry "SRI"]
[SourceTitle "CB28_2025"]
[SourceDate "2025.07.09"]
[SourceVersion "1"]
[SourceVersionDate "2025.07.09"]
[SourceQuality "1"]

1. d4 Nf6 2. c4 e6 3. Nc3 Bb4 4. Bd2 0-0 5. e3 d5 6. Nf3 Nbd7 7. Bd3 b6 8. 0-0 Bxc3 9. Bxc3 Bb7 10. b3 c5 11. Rc1 dxc4 12. Bxc4 Ne4 13. Bb2 Qe7 14. Qe2 a6 15. Bd3 Rfc8 16. Ne5 cxd4 17. Nxd7 Qxd7 18. Bxd4 Nc5 19. Bb1 Qd5 20. Qg4 e5 21. Bb2 h5 22. Qg3 h4 23. Qg4 Ne6 24. Rcd1 Qb5 25. Qxh4 e4 26. Bxe4 Bxe4 27. Qxe4 Qe2 28. Rb1 Qc2 29. Qg4 Rc5 30. f4 Qe4 31. Qf3 Qxf3 32. Rxf3 Rc2 33. Rg3 f6 34. Bxf6 Rxa2 35. Rc1 Kf7 36. Be5 Ra5 37. Rd1 Ra7 38. e4 Rb5 39. Rd5 Re7 40. Rxb5 axb5 41. f5 Ng5 42. Bb2 Nxe4 43. Rxg7+ Ke8 44. Rxe7+ Kxe7 45. Bd4 b4 46. Bxb6 Kf6 47. g4 Kg5 48. h3 Nd6 49. Bd8+ Kf4 50. Bc7 Ke5 51. f6 Ke6 52. Bxd6 Kxd6 53. g5 Ke6 54. h4 Kf7 55. h5 Kg8 56. h6 Kh8 57. f7 1-0

[Event "Asia-ch U20 Girls"]
[Site "Waskaduwa"]
[Date "2025.07.02"]
[Round "8"]
[White "Perera, B Yenuthi Sahanlee"]
[Black "Latifah, Laysa"]
[Result "0-1"]
[WhiteElo "1808"]
[BlackElo "2193"]
[PlyCount "120"]
[EventDate "2025.06.27"]
[EventType "swiss"]
[EventRounds "9"]
[EventCountry "SRI"]
[SourceTitle "CB28_2025"]
[SourceDate "2025.07.09"]
[SourceVersion "1"]
[SourceVersionDate "2025.07.09"]
[SourceQuality "1"]

1. e4 e6 2. d4 d5 3. Nd2 Nf6 4. e5 Nfd7 5. c3 c5 6. Ndf3 Nc6 7. Bd3 a6 8. a4 cxd4 9. cxd4 Qa5+ 10. Bd2 Qb6 11. Bc3 Bb4 12. Ne2 Nf8 13. 0-0 Bd7 14. Qd2 Bxc3 15. bxc3 Ng6 16. Rfb1 Qc7 17. h4 Nge7 18. Qg5 g6 19. Rb2 h6 20. Qf6 Rg8 21. Rab1 Na5 22. h5 Qd8 23. Ng5 hxg5 24. h6 Bc6 25. h7 Kd7 26. hxg8Q Qxg8 27. Qxg5 Qh7 28. f3 Nf5 29. Ng3 Nxg3 30. Qxg3 Qh6 31. f4 Bxa4 32. Rb4 Bc6 33. Ra1 Nc4 34. Bxc4 dxc4 35. Rxc4 Rh8 36. Kf2 Qh2 37. Qxh2 Rxh2 38. Rxc6 Kxc6 39. c4 Rh8 40. Kf3 Rc8 41. Ke4 Kd7 42. Ra4 b5 43. Rxa6 bxc4 44. Ra7+ Rc7 45. Rxc7+ Kxc7 46. Ke3 Kc6 47. Kd2 Kd5 48. Kc3 Ke4 49. Kxc4 Kxf4 50. Kc5 Ke4 51. g3 g5 52. g4 Ke3 53. Kc4 Kf4 54. Kc5 Kxg4 55. Kd6 Kf5 56. Ke7 Kg6 57. Kd6 g4 58. d5 exd5 59. Kxd5 g3 60. e6 fxe6+ 0-1

[Event "Asia-ch U20 Girls"]
[Site "Waskaduwa"]
[Date "2025.06.30"]
[Round "5"]
[White "Latifah, Laysa"]
[Black "Sreekarthika, Velmurugan"]
[Result "1/2-1/2"]
[WhiteElo "2193"]
[BlackElo "1956"]
[PlyCount "144"]
[EventDate "2025.06.27"]
[EventType "swiss"]
[EventRounds "9"]
[EventCountry "SRI"]
[SourceTitle "CB28_2025"]
[SourceDate "2025.07.09"]
[SourceVersion "1"]
[SourceVersionDate "2025.07.09"]
[SourceQuality "1"]

1. e4 e5 2. Nf3 Nc6 3. Bb5 Nf6 4. 0-0 Nxe4 5. d4 Nd6 6. Bxc6 dxc6 7. dxe5 Nf5 8. Qe2 Nd4 9. Qe4 Bc5 10. Nxd4 Qxd4 11. Qxd4 Bxd4 12. c3 Bb6 13. Bf4 Be6 14. Nd2 0-0-0 15. Rfe1 h6 16. Nf3 Rhe8 17. Be3 Bxe3 18. Rxe3 c5 19. h3 Rd7 20. Kh2 Red8 21. a4 a5 22. Ra3 Rd3 23. Re2 Bc4 24. Re4 Bd5 25. Rf4 Bxf3 26. gxf3 R8d7 27. Kg2 R3d5 28. Re4 Re7 29. f4 Kd7 30. c4 Rd4 31. Kf3 f5 32. Rxd4+ cxd4 33. Rb3 b6 34. Rb5 Kc6 35. Ke2 g6 36. Kd3 Rd7 37. b4 axb4 38. Rxb4 Rd8 39. Rb5 Ra8 40. Rd5 Rxa4 41. e6 Ra1 42. h4 b5 43. Rxb5 Kd6 44. Re5 Ke7 45. Kxd4 Ra6 46. Kd5 Rd6+ 47. Kc5 Ra6 48. Re3 h5 49. Re5 Rb6 50. Re1 Rd6 51. Re2 Rb6 52. Re3 Ra6 53. Re5 Rb6 54. Kd4 Ra6 55. Rc5 Rd6+ 56. Rd5 Kxe6 57. Rxd6+ Kxd6 58. c5+ Ke6 59. Kc4 c6 60. Kd4 Kf6 61. Kc3 Ke6 62. Kc4 Kd7 63. Kb4 Kc7 64. f3 Kb8 65. Kc4 Kc8 66. Kc3 Kc7 67. Kd3 Kd7 68. Kd4 Kd8 69. Ke5 Ke7 70. Kd4 Kd8 71. Ke5 Ke7 72. Kd4 Kd8 1/2-1/2

[Event "Asia-ch (Women)"]
[Site "Al Ain"]
[Date "2025.05.14"]
[Round "8"]
[White "Latifah, Laysa"]
[Black "Salimova, Asal"]
[Result "0-1"]
[WhiteElo "2262"]
[BlackElo "2003"]
[PlyCount "124"]
[EventDate "2025.05.07"]
[EventType "swiss"]
[EventRounds "9"]
[EventCountry "UAE"]
[SourceTitle "CB21_2025"]
[SourceDate "2025.05.21"]
[SourceVersion "1"]
[SourceVersionDate "2025.05.21"]
[SourceQuality "1"]

1. e4 e6 2. d4 d5 3. e5 c5 4. c3 Nc6 5. Nf3 Qb6 6. a3 Nh6 7. Bd3 cxd4 8. cxd4 Nf5 9. Bxf5 exf5 10. Nc3 Be6 11. b4 Be7 12. Qd3 0-0 13. 0-0 Rfc8 14. Bd2 a5 15. Na4 Qd8 16. b5 Nb8 17. Nc5 Bxc5 18. dxc5 Rxc5 19. Nd4 Nd7 20. Nxf5 Rc4 21. Rfe1 Nc5 22. Qf3 Bxf5 23. Qxf5 Ne6 24. Qd3 Rac8 25. Rad1 Rd4 26. Qb3 a4 27. Qb2 Rdc4 28. Be3 d4 29. Bd2 Qd5 30. b6 h6 31. h3 Qc6 32. Qb1 Rc5 33. Qb4 Qb5 34. Qxb5 Rxb5 35. Bb4 Rxb6 36. Rd2 Rbc6 37. g3 g5 38. Kg2 Rc2 39. Red1 Rxd2 40. Rxd2 Rc1 41. Kf3 Kg7 42. Rb2 Kg6 43. Ke4 Rf1 44. Bd6 Re1+ 45. Kd3 Rh1 46. Rxb7 Rxh3 47. Rb4 h5 48. Ke2 h4 49. gxh4 gxh4 50. Rxa4 Rh1 51. Ra8 Kh7 52. Be7 h3 53. Bf6 h2 54. Rh8+ Kg6 55. Kf3 d3 56. Kg2 d2 57. Kxh1 d1Q+ 58. Kxh2 Qf3 59. Rg8+ Kf5 60. Kg1 Nf4 61. Bh4 Qh3 62. Rg5+ Ke6 0-1

[Event "Asia-ch (Women)"]
[Site "Al Ain"]
[Date "2025.05.09"]
[Round "3"]
[White "Swati, Ghate"]
[Black "Latifah, Laysa"]
[Result "1-0"]
[WhiteElo "2035"]
[BlackElo "2262"]
[PlyCount "141"]
[EventDate "2025.05.07"]
[EventType "swiss"]
[EventRounds "9"]
[EventCountry "UAE"]
[SourceTitle "CB21_2025"]
[SourceDate "2025.05.21"]
[SourceVersion "1"]
[SourceVersionDate "2025.05.21"]
[SourceQuality "1"]

1. e4 c6 2. d4 d5 3. e5 Bf5 4. Nf3 e6 5. Be2 Nd7 6. 0-0 h6 7. Nbd2 Ne7 8. Nb3 Qc7 9. Bd2 Nc8 10. a4 Be7 11. a5 a6 12. c4 dxc4 13. Bxc4 Na7 14. Qe2 0-0 15. Rac1 Rac8 16. Ne1 Rfe8 17. Bd3 Bxd3 18. Nxd3 Nb5 19. Qg4 Kh7 20. f4 f5 21. exf6 Nxf6 22. Qxe6 Qd7 23. Qxd7 Nxd7 24. Rfe1 Rcd8 25. Be3 Bd6 26. Bf2 Rf8 27. g3 Rf5 28. Ne5 Bb4 29. Red1 Nf6 30. Kg2 Nd5 31. Nd3 Bd6 32. Nbc5 Rf7 33. Ne5 Re7 34. Re1 Rde8 35. Re2 g5 36. fxg5 hxg5 37. Rce1 Nf6 38. Ncd3 Nc7 39. Be3 Ne6 40. Rf2 Nd5 41. Nf7 Nxe3+ 42. Rxe3 Nf4+ 43. Nxf4 Rxe3 44. Nxd6 Rf8 45. Nh3 Rxf2+ 46. Kxf2 Rb3 47. Nxg5+ Kg6 48. Nf3 Rxb2+ 49. Ke3 Kf6 50. Nc4 Rc2 51. Kd3 Rf2 52. Ke4 Rc2 53. Nfd2 Ke6 54. h4 Rc3 55. g4 Rg3 56. Ne3 Rh3 57. h5 Rh2 58. Nb3 Kf6 59. Nc5 Rb2 60. Kf4 Rf2+ 61. Kg3 Rb2 62. Ne4+ Kg7 63. g5 b5 64. axb6 Rxb6 65. Nf5+ Kg8 66. g6 c5 67. dxc5 Re6 68. Kf4 a5 69. c6 Kf8 70. g7+ Kg8 71. c7 1-0

[Event "Asia-ch (Women)"]
[Site "Al Ain"]
[Date "2025.05.08"]
[Round "2"]
[White "Latifah, Laysa"]
[Black "Du, Yuxin"]
[Result "1/2-1/2"]
[WhiteElo "2262"]
[BlackElo "1973"]
[PlyCount "139"]
[EventDate "2025.05.07"]
[EventType "swiss"]
[EventRounds "9"]
[EventCountry "UAE"]
[SourceTitle "CB21_2025"]
[SourceDate "2025.05.21"]
[SourceVersion "1"]
[SourceVersionDate "2025.05.21"]
[SourceQuality "1"]

1. e4 c6 2. d4 d5 3. Nc3 dxe4 4. Nxe4 Bf5 5. Ng3 Bg6 6. Nf3 Nd7 7. Bd3 e6 8. 0-0 Ngf6 9. Re1 Be7 10. Bc4 Qc7 11. Qe2 0-0 12. c3 Rfe8 13. Ne5 Nxe5 14. dxe5 Nd7 15. Bf4 b5 16. Bd3 Bxd3 17. Qxd3 Nc5 18. Qf3 Rad8 19. Re3 Kh8 20. Nh5 Rg8 21. b4 Na4 22. Qe4 Qd7 23. Rae1 Qd5 24. Qb1 g5 25. Bg3 Rg6 26. Nf6 Bxf6 27. exf6 Nb6 28. Re5 Qd3 29. Qxd3 Rxd3 30. Rc5 Nd7 31. Rxc6 Rxf6 32. f3 Rf5 33. Bf2 Rfd5 34. Bxa7 Kg7 35. Bd4+ e5 36. Be3 h6 37. c4 bxc4 38. Rxc4 Ra3 39. Rc2 Nf8 40. Rb2 Rb5 41. Bc5 Ne6 42. Rxe5 Kf6 43. Rd5 Nxc5 44. Rxc5 Rxc5 45. bxc5 Rc3 46. a4 Rxc5 47. Ra2 Ra5 48. Kf2 Ke5 49. Ke3 Kd5 50. Kd3 Kc5 51. Kc3 Kb6 52. Kd4 f6 53. Ra3 h5 54. g3 Kc6 55. Kc4 Kb6 56. Kb4 Rd5 57. a5+ Ka7 58. Re3 Rd2 59. h3 Rh2 60. Kb5 Rb2+ 61. Kc6 Rh2 62. Kb5 Rb2+ 63. Kc5 Rh2 64. g4 Rxh3 65. gxh5 Rxh5 66. Kd6 Rh4 67. Ra3 Rf4 68. a6 g4 69. fxg4 Rxg4 70. Ra4 1/2-1/2

[Event "Asia-ch (Women)"]
[Site "Al Ain"]
[Date "2025.05.07"]
[Round "1"]
[White "Pragnya, HG."]
[Black "Latifah, Laysa"]
[Result "1/2-1/2"]
[WhiteElo "1929"]
[BlackElo "2262"]
[PlyCount "151"]
[EventDate "2025.05.07"]
[EventType "swiss"]
[EventRounds "9"]
[EventCountry "UAE"]
[SourceTitle "CB21_2025"]
[SourceDate "2025.05.21"]
[SourceVersion "1"]
[SourceVersionDate "2025.05.21"]
[SourceQuality "1"]

1. e4 c6 2. d4 d5 3. e5 Bf5 4. Nd2 e6 5. Nb3 Nd7 6. Nf3 Ne7 7. Be2 Nc8 8. 0-0 Be7 9. Ne1 c5 10. dxc5 Bg6 11. Bb5 a6 12. Bxd7+ Qxd7 13. Be3 Qc7 14. f4 0-0 15. Nf3 a5 16. a4 b6 17. cxb6 Nxb6 18. Nbd4 Qb7 19. b3 Rfc8 20. Qe2 Nd7 21. Rfc1 Nc5 22. Nb5 Qa6 23. Nfd4 f6 24. Nf3 fxe5 25. Nxe5 Be4 26. Nc3 Qxe2 27. Nxe2 Na6 28. Nd4 Bc5 29. c3 Rab8 30. Kf2 Bxd4 31. cxd4 Bc2 32. Ra2 Bxb3 33. Rb2 Rxc1 34. Bxc1 Bxa4 35. Rxb8+ Nxb8 36. Bd2 Na6 37. Bxa5 Kf8 38. Bc3 Ke7 39. Bb2 Nc7 40. Ba3+ Kf6 41. Ke3 Bc2 42. g4 g5 43. Bf8 Be4 44. h4 gxh4 45. Kf2 Nb5 46. Nc6 Kf7 47. Bb4 Ke8 48. Be1 Kd7 49. Ne5+ Kc8 50. Ke3 h3 51. Bg3 Na3 52. Nf7 Nc2+ 53. Kf2 Nxd4 54. Ng5 Kd7 55. Nxh3 Bg6 56. Ng5 Nb3 57. Nf3 Kc6 58. Ne5+ Kb5 59. Nxg6 hxg6 60. Ke3 Kc4 61. f5 exf5 62. gxf5 gxf5 63. Kf4 d4 64. Kxf5 d3 65. Be1 Kd4 66. Kf4 Na1 67. Kf3 Nc2 68. Bd2 Na3 69. Kf2 Nc4 70. Ke1 Ne3 71. Ba5 Nc4 72. Bd2 Ne3 73. Ba5 Ke4 74. Bc3 Nc4 75. Bb4 Kd4 76. Bd2 1/2-1/2

[Event "Eastern Asia zt 3.3 (Women)"]
[Site "Ulaanbaatar"]
[Date "2025.04.25"]
[Round "3"]
[White "Latifah, Laysa"]
[Black "Herfesa, Shafira Devi"]
[Result "0-1"]
[WhiteElo "2262"]
[BlackElo "1983"]
[PlyCount "116"]
[EventDate "2025.04.23"]
[EventType "swiss"]
[EventRounds "9"]
[EventCountry "MGL"]
[SourceTitle "CB20_2025"]
[SourceDate "2025.05.14"]
[SourceVersion "1"]
[SourceVersionDate "2025.05.14"]
[SourceQuality "1"]

1. e4 e5 2. Nc3 Nf6 3. d4 exd4 4. Qxd4 Nc6 5. Qd3 Bb4 6. Bd2 d6 7. 0-0-0 Bg4 8. f3 Be6 9. g4 Nd7 10. Nd5 Nce5 11. Qe2 Bc5 12. Ba5 b6 13. Bc3 c6 14. h3 0-0 15. f4 cxd5 16. exd5 Ng6 17. Qf3 Qe7 18. Kb1 Bxd5 19. Qxd5 Nxf4 20. Qf5 Ng6 21. Bd3 Nde5 22. Re1 Qf6 23. h4 Qxf5 24. gxf5 Nf4 25. Be4 Rae8 26. Bd2 Nh5 27. Bd5 Nf6 28. Bg2 Nc4 29. Nf3 Ne4 30. Bc1 Bf2 31. Ref1 Be3 32. Rh3 Bxc1 33. Rxc1 Ne3 34. Bf1 Nxf5 35. Bd3 Ne3 36. Ng5 Nd2+ 37. Ka1 g6 38. Rh2 h6 39. Rxd2 hxg5 40. hxg5 Re5 41. Rg1 Rc8 42. b4 a5 43. a3 axb4 44. axb4 Nd5 45. Rh2 Rce8 46. Rg4 Nc7 47. Rc4 R8e7 48. Rc6 Nd5 49. Rxd6 Nxb4 50. Bxg6 Rb5 51. c4 Ra5+ 52. Kb2 Ra2+ 53. Kb3 Rxh2 54. Bf5 Re5 55. Bc8 Na2 56. g6 Re3+ 57. Ka4 Rb2 58. gxf7+ Kxf7 0-1

[Event "Titled Tuesday intern op 01st Apr Early"]
[Site "Chess.com INT"]
[Date "2025.04.01"]
[Round "2"]
[White "Krsnik Cohar, Ivan Vihor"]
[Black "Latifah, Laysa"]
[Result "1-0"]
[WhiteElo "2362"]
[BlackElo "2262"]
[PlyCount "153"]
[EventDate "2025.04.01"]
[EventType "swiss (blitz)"]
[EventRounds "11"]
[EventCountry "USA"]
[SourceTitle "CB15_2025"]
[SourceDate "2025.04.09"]
[SourceVersion "1"]
[SourceVersionDate "2025.04.09"]
[SourceQuality "1"]

1. d4 Nf6 2. Bf4 c5 3. e3 d6 4. c3 Nbd7 5. Nf3 g6 6. Nbd2 Bg7 7. h3 0-0 8. Bc4 Rb8 9. a4 a6 10. a5 b5 11. axb6 Rxb6 12. Qc2 Bb7 13. 0-0 Qc7 14. Be2 Rc8 15. Nc4 Rc6 16. Na5 Rb6 17. Nc4 Rc6 18. Nfd2 cxd4 19. exd4 Nd5 20. Bg3 Ba8 21. Rfe1 N7f6 22. Na5 Rb6 23. Nac4 Rc6 24. Bf1 Qd7 25. Na5 Rb6 26. Nac4 Rbc6 27. Qa4 Qa7 28. Qa2 Bh6 29. Nf3 R6c7 30. Ncd2 Qb6 31. Nc4 Qc6 32. Qxa6 Qxa6 33. Rxa6 Bb7 34. Ra7 Nd7 35. Na3 N7b6 36. Nb5 Rd7 37. Rea1 Bc6 38. Rxd7 Bxd7 39. Na3 Rb8 40. Re1 Na4 41. Nc4 Bf8 42. Ra1 Rb7 43. Ne1 Rb8 44. Nd3 f5 45. Be2 g5 46. Bf3 Nf6 47. h4 h6 48. hxg5 hxg5 49. Nb4 f4 50. Bh2 Bb5 51. Na3 Bd7 52. Bc6 Nxb2 53. Bxd7 Nxd7 54. Nc6 Rb7 55. Rb1 Ra7 56. Nxa7 Na4 57. Rc1 Ndb6 58. N7b5 Nd5 59. c4 Nb4 60. c5 dxc5 61. dxc5 Nc6 62. g3 e5 63. gxf4 exf4 64. Nd6 Kg7 65. f3 Kg6 66. Kg2 Bg7 67. Bg1 Bb2 68. Rb1 Bxa3 69. Ra1 Bxc5 70. Bxc5 Nxc5 71. Rc1 Nd3 72. Rxc6 Ne5 73. Ra6 Kh5 74. Ne4 Nc4 75. Nf6+ Kg6 76. Ng4+ Kf5 77. Rf6# 1-0

[Event "Titled Tuesday intern op 01st Apr Early"]
[Site "Chess.com INT"]
[Date "2025.04.01"]
[Round "7"]
[White "Latifah, Laysa"]
[Black "Nigalidze, Gaioz"]
[Result "0-1"]
[WhiteElo "2262"]
[BlackElo "2368"]
[PlyCount "96"]
[EventDate "2025.04.01"]
[EventType "swiss (blitz)"]
[EventRounds "11"]
[EventCountry "USA"]
[SourceTitle "CB15_2025"]
[SourceDate "2025.04.09"]
[SourceVersion "1"]
[SourceVersionDate "2025.04.09"]
[SourceQuality "1"]

1. e4 c5 2. Nf3 d6 3. d4 cxd4 4. Nxd4 Nf6 5. Nc3 a6 6. Nb3 e5 7. f3 Be6 8. Be3 Be7 9. Qd2 0-0 10. 0-0-0 Nbd7 11. g4 b5 12. h4 b4 13. Na4 a5 14. h5 Ne8 15. g5 Qc7 16. g6 Qc6 17. h6 fxg6 18. hxg7 Nxg7 19. Qh2 h5 20. Rg1 Bf7 21. f4 Qxa4 22. Kb1 exf4 23. Bxf4 Ne5 24. Bxe5 dxe5 25. Qxe5 Qe8 26. Bb5 Qb8 27. Qxe7 Qxb5 28. Rd7 Rae8 29. Qd6 Qe5 30. Qb6 a4 31. Nc5 b3 32. axb3 axb3 33. Nxb3 Qxe4 34. Nc1 Qe3 35. Qxe3 Rxe3 36. Nd3 h4 37. b4 h3 38. b5 Rb8 39. Rf1 Rxb5+ 40. Kc1 Rf5 41. Rh1 g5 42. Kd2 Rg3 43. Ne1 g4 44. Rd8+ Kh7 45. Ke2 Rc3 46. Kd2 Rcc5 47. Rd7 Rcd5+ 48. Rxd5 Bxd5 0-1

[Event "Bandung IM"]
[Site "Bandung"]
[Date "2025.02.18"]
[Round "3"]
[White "Latifah, Laysa"]
[Black "Bernadskiy, Vitaliy"]
[Result "0-1"]
[WhiteElo "2287"]
[BlackElo "2531"]
[PlyCount "136"]
[EventDate "2025.02.16"]
[EventType "tourn"]
[EventRounds "11"]
[EventCountry "INA"]
[EventCategory "4"]
[SourceTitle "CB10_2025"]
[SourceDate "2025.03.05"]
[SourceVersion "1"]
[SourceVersionDate "2025.03.05"]
[SourceQuality "1"]

1. e4 g6 2. d4 Bg7 3. Nc3 a6 4. h4 h5 5. Nh3 Nc6 6. Be3 d6 7. Ng5 Nf6 8. f3 0-0 9. Qd2 e5 10. d5 Nd4 11. 0-0-0 c6 12. Ne2 Nxe2+ 13. Bxe2 cxd5 14. exd5 b5 15. Ne4 Nxe4 16. fxe4 f5 17. exf5 Bxf5 18. Bd3 Rc8 19. Kb1 Qd7 20. g4 Bxg4 21. Bxg6 Bxd1 22. Qxd1 Qg4 23. Bxh5 Qxd1+ 24. Bxd1 Rc4 25. h5 Re4 26. Bc1 Bf6 27. Bh6 Rf7 28. c3 Rh4 29. Rg1+ Kh7 30. Be3 Rg7 31. Bc2+ e4 32. Re1 Rxh5 33. Bf4 Be5 34. Rxe4 Kg8 35. a4 Rg4 36. Bxe5 Rxe4 37. Bxd6 Re2 38. Bb3 Kf7 39. axb5 axb5 40. Ka2 Rh6 41. Ba3 Ra6 42. Bd1 Rd2 43. Bf3 Kf6 44. Kb3 Ke5 45. d6 Kf4 46. Bb7 Rb6 47. Bc8 b4 48. Bxb4 Rdxd6 49. Ka4 Rd2 50. Kb3 Ke3 51. Bg4 Rg2 52. Bf5 Rf2 53. Bd7 Kd2 54. Kc4 Kc2 55. b3 Rf4+ 56. Kc5 Rh6 57. Bc6 Kxb3 58. Bd5+ Kc2 59. c4 Kd3 60. Ba5 Rh5 61. Kd6 Rf6+ 62. Kc5 Rh8 63. Bb6 Rb8 64. Ba5 Rg6 65. Be1 Rc8+ 66. Kb5 Rg1 67. Bf2 Rb1+ 68. Ka6 Rcb8 0-1

[Event "Bandung IM"]
[Site "Bandung"]
[Date "2025.02.18"]
[Round "4"]
[White "Latifah, Laysa"]
[Black "Frayna, Janelle Mae"]
[Result "1/2-1/2"]
[WhiteElo "2287"]
[BlackElo "2286"]
[PlyCount "85"]
[EventDate "2025.02.16"]
[EventType "tourn"]
[EventRounds "11"]
[EventCountry "INA"]
[EventCategory "4"]
[SourceTitle "CB10_2025"]
[SourceDate "2025.03.05"]
[SourceVersion "1"]
[SourceVersionDate "2025.03.05"]
[SourceQuality "1"]

1. e4 c6 2. d4 d5 3. e5 Bf5 4. h4 h5 5. c4 e6 6. Nc3 Ne7 7. Nge2 Nd7 8. Ng3 Bg6 9. Be3 dxc4 10. Bxc4 Nd5 11. Bg5 Qb6 12. 0-0 f6 13. exf6 gxf6 14. Re1 0-0-0 15. Rxe6 Nxc3 16. bxc3 fxg5 17. Rxg6 gxh4 18. Ne4 Qc7 19. Qf3 Nb6 20. Be6+ Kb8 21. Ng5 Ba3 22. Nf7 Rhf8 23. Rf6 Rde8 24. Bb3 a5 25. Rf5 a4 26. Bc2 Bb2 27. Rb1 Nc4 28. Ne5 Rxf5 29. Qxf5 Nxe5 30. dxe5 Rxe5 31. Qf8+ Ka7 32. Qb4 a3 33. Rd1 Qe7 34. Qd4+ Qc5 35. Qa4+ Qa5 36. Qd4+ Rc5 37. Bb3 Qxc3 38. Qxh4 Qe5 39. Qa4+ Ra5 40. Qc4 Rc5 41. Qa4+ Ra5 42. Qc4 Rc5 43. Qa4+ 1/2-1/2

[Event "Titled Tuesday intern op 28th Jan Early"]
[Site "Chess.com INT"]
[Date "2025.01.28"]
[Round "1"]
[White "Christiansen, Johan Sebastian"]
[Black "Latifah, Laysa"]
[Result "1-0"]
[WhiteElo "2664"]
[BlackElo "2287"]
[PlyCount "25"]
[EventDate "2025.01.28"]
[EventType "swiss (blitz)"]
[EventRounds "11"]
[EventCountry "USA"]
[SourceTitle "CB06_2025"]
[SourceDate "2025.02.05"]
[SourceVersion "1"]
[SourceVersionDate "2025.02.05"]
[SourceQuality "1"]

1. e4 c5 2. Nf3 d6 3. c3 f6 4. d4 cxd4 5. cxd4 Nc6 6. Nc3 e6 7. d5 exd5 8. exd5 Ne5 9. Nd4 Ne7 10. f4 Ng4 11. Bb5+ Kf7 12. Ne6 Bxe6 13. dxe6+ 1-0

[Event "Budapest One Week IM-B 08"]
[Site "Budapest"]
[Date "2024.08.18"]
[Round "7"]
[White "Juhasz, Barbara"]
[Black "Latifah, Laysa"]
[Result "0-1"]
[WhiteElo "2203"]
[BlackElo "2072"]
[PlyCount "120"]
[EventDate "2024.08.14"]
[EventType "tourn"]
[EventRounds "9"]
[EventCountry "HUN"]
[SourceTitle "EXT 2025"]
[Source "ChessBase"]
[SourceDate "2024.10.14"]
[SourceVersion "1"]
[SourceVersionDate "2024.10.14"]
[SourceQuality "1"]

1. e4 c6 2. Nf3 d5 3. d3 dxe4 4. dxe4 Qxd1+ 5. Kxd1 Nf6 6. Nfd2 g6 7. f3 Bg7 8. a4 0-0 9. Nc4 Rd8+ 10. Bd2 Be6 11. Kc1 c5 12. Be3 Nc6 13. Nbd2 Nd7 14. c3 b6 15. Kc2 a6 16. Na3 Rdc8 17. Bc4 Bxc4 18. Ndxc4 Nd4+ 19. cxd4 cxd4 20. Rad1 Ne5 21. Kb3 dxe3 22. Nxe5 Bxe5 23. Nc4 e2 24. Rd5 Bxh2 25. Re1 Rab8 26. Rxe2 b5 27. Na3 bxa4+ 28. Kxa4 f6 29. b4 Bd6 30. Rb2 Rc6 31. Rb3 h5 32. Rb1 h4 33. Rd4 Be5 34. Rc4 Rd6 35. Rbc1 Kf7 36. Rc8 Rxc8 37. Rxc8 Rd2 38. Rc2 Rd1 39. Nc4 Bd4 40. Rd2 Ra1+ 41. Kb3 e5 42. Na5 Rb1+ 43. Ka4 Bc3 44. Rd7+ Ke8 45. Rb7 Rb2 46. Nc4 Rxg2 47. Rh7 Be1 48. b5 axb5+ 49. Kxb5 Kf8 50. Ne3 Rb2+ 51. Kc6 Kg8 52. Ra7 h3 53. Ng4 Bh4 54. Ra8+ Kf7 55. Rh8 g5 56. Ra8 h2 57. Ra1 Rg2 58. Kd5 Kg6 59. Ke6 Rg1 60. Ra8 Rxg4 0-1

[Event "Split op 13th"]
[Site "Split"]
[Date "2024.08.09"]
[Round "7"]
[White "Cupic, Lovro"]
[Black "Latifah, Laysa"]
[Result "0-1"]
[WhiteElo "2213"]
[BlackElo "2072"]
[PlyCount "62"]
[EventDate "2024.08.03"]
[EventType "swiss"]
[EventRounds "10"]
[EventCountry "CRO"]
[SourceTitle "CBM 221 Extra"]
[Source "ChessBase"]
[SourceDate "2024.09.30"]
[SourceVersion "1"]
[SourceVersionDate "2024.09.30"]
[SourceQuality "1"]

1. e4 g6 2. d4 Bg7 3. Nc3 a6 4. Be3 b5 5. Qd2 Bb7 6. f3 d6 7. h4 h5 8. Nh3 Nd7 9. 0-0-0 Nb6 10. Ng5 e6 11. d5 e5 12. f4 exf4 13. Bxf4 Nf6 14. Bd3 0-0 15. Nf3 Ng4 16. Rdf1 b4 17. Nd1 a5 18. Nh2 Ne5 19. Bh6 b3 20. axb3 a4 21. Bxg7 Kxg7 22. Nf3 axb3 23. cxb3 Nbd7 24. Nxe5 Nxe5 25. Rh3 Kg8 26. Ne3 Qb8 27. Nf5 Bc8 28. Bb1 Qb5 29. Qf4 Ra1 30. Rd1 Qe2 31. Ne7+ Kg7 0-1

[Event "Split op 13th"]
[Site "Split"]
[Date "2024.08.04"]
[Round "3"]
[White "Sale, Srdjan"]
[Black "Latifah, Laysa"]
[Result "0-1"]
[WhiteElo "2276"]
[BlackElo "2072"]
[PlyCount "70"]
[EventDate "2024.08.03"]
[EventType "swiss"]
[EventRounds "10"]
[EventCountry "CRO"]
[SourceTitle "CBM 221 Extra"]
[Source "ChessBase"]
[SourceDate "2024.09.30"]
[SourceVersion "1"]
[SourceVersionDate "2024.09.30"]
[SourceQuality "1"]

1. Nf3 Nf6 2. g3 b6 3. Bg2 Bb7 4. 0-0 g6 5. d3 Bg7 6. c3 0-0 7. Qa4 d6 8. Qh4 h5 9. e4 Nbd7 10. Bg5 Re8 11. Rd1 c5 12. Na3 a6 13. h3 Qc7 14. Re1 b5 15. Nc2 Nh7 16. Bd2 Ne5 17. Nxe5 dxe5 18. g4 Bf6 19. g5 Bg7 20. Qg3 Rad8 21. Rad1 Qa5 22. a3 Qa4 23. Na1 c4 24. Bc1 Rd7 25. Rd2 Red8 26. Bf1 Nf8 27. Qe3 Ne6 28. dxc4 Rxd2 29. Bxd2 bxc4 30. Bc1 Qc6 31. Nc2 a5 32. Qf3 Qa4 33. Qe2 Nf4 34. Bxf4 exf4 35. h4 f3 0-1

[Event "Titled Tuesday intern op 14th May Early"]
[Site "Chess.com INT"]
[Date "2024.05.14"]
[Round "2"]
[White "Latifah, Laysa"]
[Black "Adam, Ernestina"]
[Result "1-0"]
[WhiteElo "2009"]
[BlackElo "1998"]
[PlyCount "83"]
[EventDate "2024.05.14"]
[EventType "swiss (blitz)"]
[EventRounds "11"]
[EventCountry "USA"]
[SourceTitle "EXT 2025"]
[Source "ChessBase"]
[SourceDate "2024.10.14"]
[SourceVersion "1"]
[SourceVersionDate "2024.10.14"]
[SourceQuality "1"]

1. e4 c5 2. Nf3 d6 3. c3 Nf6 4. h3 Nc6 5. Bd3 e6 6. 0-0 Be7 7. Bc2 0-0 8. d4 cxd4 9. cxd4 Nb4 10. Nc3 Nxc2 11. Qxc2 b6 12. e5 dxe5 13. dxe5 Nd5 14. Nxd5 Qxd5 15. Rd1 Qc5 16. Qe4 Rb8 17. Bg5 Bb7 18. Qh4 Bxg5 19. Nxg5 h6 20. Ne4 Qxe5 21. Nc3 Rbc8 22. Rd7 Rc7 23. Qe7 Rxd7 24. Qxd7 Ba8 25. Qd3 Qg5 26. f3 Qc5+ 27. Kh1 Rc8 28. Rd1 Bc6 29. a3 Qe7 30. Ne2 Rc7 31. Nd4 Bd5 32. Nb5 Rd7 33. Qc2 Qd8 34. Rc1 a6 35. Nc3 Rc7 36. Qd3 Qc8 37. Rd1 Rd7 38. Qd4 b5 39. Qb6 Qd8 40. Qxa6 Kh7 41. Qxb5 Rb7 42. Qxb7 1-0